اليسار الجديد فى امريكا اللاتينية : (Record no. 60916)
[ view plain ]
| 000 -الفاتح | |
|---|---|
| حقل البيانات ثابتة الطول | 01134nam a22003137a 4500 |
| 005 - وقت وتاريخ اخر تعامل مع التسجيلة | |
| رقم الضبط | 20240530110434.0 |
| 008 - عناصر البيانات ثابتة الطول - معلومات عامة | |
| حقل البيانات ثابتة الطول | 150406s2011 ua g 000 0 ara d |
| 017 ## - رقم الايداع القانونى | |
| رقم الايداع القانونى | 2010/15642 |
| المصدر ( الهيئة المختصة) | مصر . دار الكتب المصرية |
| 020 ## - الرقم الدولى المعيارى للكتب | |
| الرقم الدولى المعيارى للكتاب | 978977428191 |
| 040 ## - مصدر الفهرسة | |
| وكالة الفهرسة الأصلية | EG-CaGPL |
| 082 04 - رقم تصنيف ديوى العشرى | |
| رقم الطبعة | 21 |
| رقم التصنيف | 320.53\ |
| رقم المادة | ن ى |
| 100 0# - المدخل الرئيسى - إسم شخصى | |
| الإسم الشخصى | نجلاء مكاوى |
| 245 12 - بيان العنوان | |
| العنوان | اليسار الجديد فى امريكا اللاتينية : |
| بقية العنوان | بين التحالف و الانقسام / |
| بيان المسئوليه,etc | نجلاء مكاوى . |
| 250 ## - بيان الطبعة | |
| بيان الطبعة | ط1. |
| 260 ## - PUBLICATION, DISTRIBUTION, ETC. (IMPRINT) | |
| تاريخ النشر أو التوزيع | 2011. |
| 300 ## - الوصف المادى | |
| التعداد | 253 ص ؛ |
| أبعاد الوعاء | 24 سم. |
| 600 0# - المدخل الاضافى بالموضوع-اسم شخصى | |
| الإسم الشخصى | تابارى فاسكويز |
| 600 0# - المدخل الاضافى بالموضوع-اسم شخصى | |
| الإسم الشخصى | لولا دا سيلفيا |
| 600 0# - المدخل الاضافى بالموضوع-اسم شخصى | |
| الإسم الشخصى | موريسيو فونس |
| 600 0# - المدخل الاضافى بالموضوع-اسم شخصى | |
| الإسم الشخصى | رافاييل كوريا |
| 600 0# - المدخل الاضافى بالموضوع-اسم شخصى | |
| الإسم الشخصى | دانيال اورتيجا |
| 600 0# - المدخل الاضافى بالموضوع-اسم شخصى | |
| الإسم الشخصى | ميشيل باشيليه |
| 600 0# - المدخل الاضافى بالموضوع-اسم شخصى | |
| الإسم الشخصى | ايفو موراليس |
| 650 04 - المدخل الاضافى بالموضوع-مصطلح موضوعى | |
| مصطلح موضوعي | امريكا الجنوبية |
| 650 04 - المدخل الاضافى بالموضوع-مصطلح موضوعى | |
| مصطلح موضوعي | الراديكالية |
| 650 04 - المدخل الاضافى بالموضوع-مصطلح موضوعى | |
| مصطلح موضوعي | الليبرالية |
| 942 ## - عناصر المدخل الإضافي( كوها) | |
| مصدر التصنيف او مخطط الترفيف | Dewey Decimal Classification |
| Koha [default] item type | كتاب |
| 260 ## - PUBLICATION, DISTRIBUTION, ETC. (IMPRINT) | |
| -- | القاهرة : |
| -- | مصر العربية للنشر و التوزيع ، |
| حالة التراجع | حالة الفقد | حالة تلف | ليس للاعارة | المكان المؤقت | الموقع الحالى | تاريخ الاكتساب | اجمالي اﻻعارات | رقم الطلب | الباركود | تاريخ اخر مشاهدة | تاريخ تفعيل السعر | نوع وعاء كوها |
|---|---|---|---|---|---|---|---|---|---|---|---|---|
| مكتبة القاهرة الكبرى | مكتبة القاهرة الكبرى | 04/06/2015 | 320.53\ ن ى | 160096 | 04/06/2015 | 04/06/2015 | كتاب |

